Yuma: cartilla experimental de lectura n§ 1
Збережено в:
| Співавтор: | |
|---|---|
| Формат: | Книга |
| Мова: | Іспанська |
| Опубліковано: |
Lima
Instituto Linguístico de Verano
1974
|
| Предмети: | |
| Теги: |
Додати тег
Немає тегів, Будьте першим, хто поставить тег для цього запису!
|
MARC
| LEADER | 00000nam a2200000 a 4500 | ||
|---|---|---|---|
| 001 | UCN5910 | ||
| 003 | CL-VaPUC | ||
| 008 | 010913e19740000PE |||||||||||||||||agr|d | ||
| 041 | 0 | 7 | |a agr |2 CL-VaPUC |
| 041 | 0 | 7 | |a spa |2 CL-VaPUC |
| 082 | 0 | 4 | |a 498.323 |b MIN |2 21 |
| 110 | 2 | |a Ministerio de Educación |e author |9 461602 | |
| 245 | 1 | 0 | |a Yuma: cartilla experimental de lectura n§ 1 |
| 300 | |a 130 p | ||
| 942 | |c BK | ||
| 945 | |d 20010913 00:00:00 |a rbrito | ||
| 260 | |a Lima |b Instituto Linguístico de Verano |c 1974 | ||
| 650 | 7 | |a LENGUA AGUARUNA |2 CL-VaPUC |9 461577 | |
| 650 | 0 | |a Ejercicios de lectura |9 324248 | |
| 650 | 0 | |a Ejercicios de escritura |9 346986 | |
| 650 | 7 | |a ENSEÑANZA DE LA LENGUA |2 CL-VaPUC |9 390747 | |
| 651 | 0 | |a Perú |9 256567 | |
| 583 | |a last modification |c 20010913 00:00:00 |k Rodrigo Vera | ||
| 999 | |c 297012 |d 297010 | ||
| 952 | |0 0 |1 0 |4 0 |6 498_323000000000000_MIN_1974 |7 0 |8 A |9 351392 |a FDOPOS |b FDOPOS |d 2019-11-21 |i 3707784 |o 498.323 MIN 1974 |p 3707784 |r 2025-01-22 |w 2019-11-21 |y BK |k MLA | ||